000 00368nam a2200145Ia 4500
005 20250729165730.0
008 250729s1900 xx 000 0 und d
041 _aeng
082 _a500.7 GOVS
100 _aGovt of Karnataka
_9231643
245 _aScience Part - 2
260 _aBangalore
_bKarnataka Text Book Socity
300 _a116p
650 _aScience
_9231644
999 _c239384
_d239384